| 000 | 00919nam a22002897a 4500 | ||
|---|---|---|---|
| 001 | BR9803640 | ||
| 003 | BR-BrBNA | ||
| 005 | 20230928100008.0 | ||
| 007 | ta | ||
| 008 | 230509b bl.||||| |||| 00| 0 por d | ||
| 040 |
_aBR-BrBNA _bpor _cBiblioteca Nacional de Agricultura |
||
| 041 | _a(Por) | ||
| 072 |
_aN20 _b0120 _b4530 |
||
| 090 | _ 0120 BR9803640 | ||
| 100 | 1 | _aDambros, R.N. | |
| 110 | 1 |
_aEscola Superior de Agricultura Luiz de Queiroz, Piracicaba, SP (Brasil) _0Tese (Mestre em Agronomia) |
|
| 245 | 1 | _aAvaliacao do desempenho de semeadoras de milho com diferentes mecanismos dosadores | |
| 260 | 3 |
_aPiracicaba, SP (Brasil): _c1998. |
|
| 300 | _a86 p. | ||
| 500 | _aBibliography p. 73-79; 16 illus.; 23 tables; Summaries (Eng, Por) | ||
| 650 | _aMilho | ||
| 650 | _aSemeadeira | ||
| 650 | _aPerformance | ||
| 650 | _aAnalise Quantitativa | ||
| 909 |
_a202309 _bLucia _c55 _dLucia Elande |
||
| 942 | _cBK | ||
| 999 |
_c59793 _d59793 |
||